00669 a2200169 4500020001500000040001300015082001000028100002500038245010300063260004200166300003300208500005000241650002600291942002300317999001500340952014400355 a0070435804 aDLCbDLC a005.1 aRamaswamy, Ramkumar. aThe art and technology of software engineering: A mosaic of models and methodscRamkumar Ramaswamy aNew Dehli:bTata Mc Graw-Hill,c2002. avi, 154 p. :bill. ;c24 cm. aIncludes bibliographical references and index aSoftware engineering. cBKk005.1 RAM2ddc c5742d5742 001040708NFICaCLbCLcSEd2003-07-04eProgressive International Agenciesg395.60l0o005.1 RAMpSEECS003608r2012-11-14w2017-01-05yBK